| 000 | 00638cam a2200145 4500500 | ||
|---|---|---|---|
| 005 | 20260208010657.0 | ||
| 041 | _afre | ||
| 042 | _adc | ||
| 100 | 1 | 0 |
_aVerdeau, Patricia _eauthor |
| 245 | 0 | 0 | _aIsabelle Thomas-Fogiel, Le concept et le lieu. Figures de la relation entre art et philosophie, Paris, Les Éditions du Cerf, 2008, Coll. « La Nuit surveillée », 384 P., 35 E. |
| 260 | _c2009. | ||
| 500 | _a3 | ||
| 786 | 0 | _nRevue philosophique de la France et de l'étranger | 134 | 2 | 2009-05-22 | p. 237t-280t | 0035-3833 | |
| 856 | 4 | 1 | _uhttps://shs.cairn.info/revue-philosophique-2009-2-page-237t?lang=fr&redirect-ssocas=7080 |
| 999 |
_c1657651 _d1657651 |
||